000 00252nam a22000977a 4500
008 230605b xxu||||| |||| 00| 0 eng d
082 _a328.41
_bTGO
245 _aHouse of Commons
_bTable office prectice and procedure
_c1988
300 _a72p
942 _2ddc
_cBK
999 _c366
_d366